000 00483nam a2200133Ia 4500
008 171212s9999 xx 000 0 und d
020 _a9780874216189
100 _aShoshone Nation, Northwestern
245 _cShoshone Nation, Northwestern
_aCoyote Steals Fire
_bA Shoshone Tale
260 _bUniversity Press of Colorado
_c2005
650 _aHistory
650 _aShoshoni Indians -- Folklore; Coyote (Legendary character) -- Legends
856 _uhttp://jstor.org/stable/j.ctt1d8h9x5
999 _c353050
_d353050